000 00597nam a2200193 a 4500
001 BRCA_3681
005 20190320204400.0
008 030909s1933----mx-a---###---#000-0#spa-#
041 _aspa
044 _amx
050 4 _aF1222.82
_b.Q57 1933
100 1 _aQuirós Rodiles, Adrián
_d1880?-1948
_99558
245 1 0 _aBreve historia del Hospital Morelos
_cAdrián Quirós Rodiles.
260 _aMéxico
_b[Departamento de Salubridad de México]
_c1933
300 _a92 p.
_bil.
_c24 cm.
504 _aBibliografía: p. 91-92
610 2 4 _aHospital Morelos (Ciudad de México)
_99559
942 _2lcc
_cB
999 _c3413
_d3413